Deutsche Politiker Bilderquiz - Statistiken

Allgemein
  • Dieses Quiz wurde 258 mal gespielt
  • Das Durchschnittsergebnis liegt bei 12 aus 16
Antwortstatistiken
Bildquiz Antwort % Korrekt
Sahra Wagenknecht
97%
Frank-Walter Steinmeier
96%
Annalena Baerbock
95%
Boris Pistorius
88%
Philipp Amthor
86%
Armin Laschet
84%
Cem Özdemir
81%
Helmut Schmidt
78%
Gerhard Schröder
77%
Alexander Gauland
71%
Joachim Gauck
70%
Martin Schulz
67%
Beatrix von Storch
64%
Annegret Kramp-Karrenbauer
61%
Sigmar Gabriel
56%
Guido Westerwelle
47%
Keine übereinstimmenden Quizze gefunden
Verteilung der Resultate
Anzahl Personen mit jedem Resultat
Perzentil nach korrekt beantworteten Fragen
Ihre Resultats-Entwicklung
Sie haben dieses Quiz noch nicht gespielt